Technické uhlíkaté hmoty : výukový slovník : interní ústavní studijní materál /

Hlavní autor: Buryan, Petr, 1947-
Další autoři: Macák, Jiří, 1927-2010
Jazyk: Čeština
Vydáno: V Praze : Vysoká škola chemicko-technologická, Fakulta technologie ochrany prostředí, Ústav plynárenství, koksochemie a ochrany ovzduší, 2006
Témata:
Fyzický popis: 34 l. ; 30 cm
Knihy
Uloženo v:
LEADER 01655nam a2200421 a 4500
001 nkc20061663142
003 CZ PrNK
005 20061010122324.0
007 ta
008 060713s2006 xr e dp 000 0 cze
015 |a cnb001663142 
020 |a 80-7080-604-4  |q (brož.) 
035 |a (OCoLC)85547381 
040 |a ABA001  |b cze 
072 7 |a 620.1/.2  |x Nauka o materiálu  |2 Konspekt  |9 19 
072 7 |a 37.016  |x Učební osnovy. Vyučovací předměty. Učebnice  |2 Konspekt  |9 22 
080 |a 620.2-032.3  |2 MRF 
080 |a 81'373.46  |2 MRF 
080 |a (038.072)  |2 MRF 
080 |a (075.8)  |2 MRF 
100 1 |a Buryan, Petr,  |d 1947-  |7 xx0029524  |4 aut 
245 1 0 |a Technické uhlíkaté hmoty :  |b výukový slovník : interní ústavní studijní materál /  |c Petr Buryan, Jiří Macák 
260 |a V Praze :  |b Vysoká škola chemicko-technologická, Fakulta technologie ochrany prostředí, Ústav plynárenství, koksochemie a ochrany ovzduší,  |c 2006 
300 |a 34 l. ;  |c 30 cm 
650 0 7 |a uhlíkové materiály  |7 ph138298  |2 czenas 
650 0 7 |a oborová terminologie  |7 ph138998  |2 czenas 
650 0 9 |a carbon materials  |2 eczenas 
650 0 9 |a terminology (professional)  |2 eczenas 
655 7 |a výkladové slovníky  |7 fd133855  |2 czenas 
655 7 |a učebnice vysokých škol  |7 fd133772  |2 czenas 
655 9 |a explanatory dictionaries  |2 eczenas 
655 9 |a textbooks (higher)  |2 eczenas 
700 1 |a Macák, Jiří,  |d 1927-2010  |7 jn20000401704  |4 aut 
910 2 |a BOA001  |b 4-1175.059 
990 |a BK 
995 |a 01 
991 |b 200610  |c NOV 
996 6 |b 2610291047  |c 4-1175.059  |l MZK  |r Sklad / do 1 hodiny  |n 0  |p p.v.  |w 000827411  |u 000010  |a 1  |e BOA001  |j MZK50  |s P